| 000 | 00000nam##2200000za#4500 |
| 001 | 9.676547 |
| 003 | CaOODSP |
| 005 | 20210624225926 |
| 007 | cr ||||||||||| |
| 008 | 150407|1987||||xxc|||||o f|0| 0 eng|d |
| 040 | |aCaOODSP|beng |
| 041 | |aeng |
| 041 | |afre |
| 043 | |an-cn--- |
| 086 | 1 |aCS94-125/1987-PDF |
| 245 | 00|aFederal electoral districts : part 1 |h[electronic resource] |
| 246 | 1 |iSeries title also given on publication as : |aProfiles |
| 260 | |aOttawa - Ontario : |bStatistics Canada |c1987. |
| 500 | |aHistorical census publication digitized by Statistics Canada. |
| 590 | |a13-07-Supp|b2013-03-25 |
| 690 | 07|aCensus|2gcpds |
| 710 | 2 |aStatistics Canada. |
| 792 | |tCirconscriptions électorales fédérales : partie 1 |efre|w(CaOODSP)9.676548 |
| 856 | 40|ahttp://publications.gc.ca|qPDF|s14.4 MB|uhttps://publications.gc.ca/collections/collection_2013/statcan/rh-hc/CS94-125-1987.pdf |